| 000 | 00444nam a2200181Ia 4500 | ||
|---|---|---|---|
| 001 | 15731 | ||
| 005 | 20260306170217.0 | ||
| 008 | 260306t2008||||xx |||||||||||||| ||und|| | ||
| 041 | _aESP | ||
| 082 |
_a604.2 _bA88 |
||
| 100 |
_aAuria Apilluelo, José M. _eAUT |
||
| 245 | 0 |
_aDibujo industrial: _bconjuntos y despieces |
|
| 260 | _c2008 | ||
| 300 |
_a271 páginas : _c26 cm. |
||
| 650 | _aGEN | ||
| 654 | _aCAU | ||
| 942 |
_cLIB _dJUS _fJUS _2ddc _n |
||
| 999 |
_c15731 _d15731 |
||